01942nam a2200385 a 4500001001200000003000800012006001900020007001500039008004100054010001700095020001500112020001800127020002700145040002100172035002100193043001200214050002600226082002000252245010000272260005600372300001500428490005600443504005100499505045600550533015201006650004101158650004201199650004601241655002901287700002101316710001701337830005701354856012601411999001901537ebr10670853CaPaEBRm u cr cn|||||||||090820s2010 nyu sb 001 0 eng d z 2009034195 z1607413213 z9781607413219 z9781614701002 (e-book) aCaPaEBRcCaPaEBR a(OCoLC)757742833 an-us---14aJK468.I6bI469 2010eb04a328.73/074622200aIntelligence oversight and disclosure issuesh[electronic resource] /cPhilipp R. Haas, editor. aHauppauge, N.Y. :bNova Science Publishers,cc2010. axi, 129 p.1 aIntelligence and counterintelligence studies series aIncludes bibliographical references and index.0 aCongressional oversight of intelligence : current structure and alternatives / Frederick M. Kaiser -- Intelligence issues for Congress / Richard A. Best, Jr. -- Intelligence spending : public disclosure issues / Richard A. Best, Jr. and Elizabeth B. Bazan -- Director of National Intelligence Statutory Authorities : status and proposals / Richard A. Best Jr. and Alfred Cumming -- Covert action : legislative background and possible policy questions. aElectronic reproduction.bPalo Alto, Calif. :cebrary,d2013.nAvailable via World Wide Web.nAccess may be limited to ebrary affiliated libraries. 0aIntelligence servicezUnited States. 0aLegislative oversightzUnited States. 0aDisclosure of informationzUnited States. 7aElectronic books.2local1 aHaas, Philipp R.2 aebrary, Inc. 0aIntelligence and counterintelligence studies series.40uhttp://site.ebrary.com/lib/rucke/Doc?id=10670853zAn electronic book accessible through the World Wide Web; click to view c175691d175691